| Tag |
First Indicator |
Second Indicator |
Subfields |
| LEADER |
00000cam a2200000Ii 4500 |
| 001 |
in00004635144 |
| 006 |
m o d |
| 007 |
cr bn||||||||| |
| 008 |
170508s2017 gw a obm 000 0 eng d |
| 005 |
20230103223411.2 |
| 035 |
|
|
|a (OCoLC)ocn986228114
|
| 040 |
|
|
|a ORE
|b eng
|e rda
|e pn
|c ORE
|d ORE
|d AUD
|d OCLCF
|d OCLCQ
|d IOG
|d VT2
|d DEGRU
|d DEBSZ
|d GBVCP
|d UAB
|d U3W
|d OAPEN
|d OCLCQ
|d JSTOR
|d UKKNU
|d KF5
|d ICN
|d CEF
|d BIBBD
|d COO
|d OCLCQ
|d LOA
|d ZQP
|d OCLCQ
|d ERL
|d WYU
|d LVT
|d UKKNU
|d TEF
|d OCLCQ
|d TXR
|d UPM
|d DKC
|d OCLCO
|d OCLCA
|d OCLCQ
|d OCLCO
|d OCLCA
|d OCLCQ
|d OCLCO
|d EUN
|d OCLCQ
|d OCLCO
|d EBLCP
|
| 019 |
|
|
|a 974493197
|a 979892152
|a 991558538
|a 992905391
|a 1023563580
|a 1041638045
|
| 020 |
|
|
|a 9783839428962
|q (electronic bk.)
|
| 020 |
|
|
|a 3839428963
|q (electronic bk.)
|
| 020 |
|
|
|a 3837628965
|
| 020 |
|
|
|a 9783837628968
|
| 024 |
3 |
|
|a 9783837628968
|
| 024 |
7 |
|
|a 10.14361/9783839428962
|2 doi
|
| 035 |
|
|
|a (OCoLC)986228114
|z (OCoLC)974493197
|z (OCoLC)979892152
|z (OCoLC)991558538
|z (OCoLC)992905391
|z (OCoLC)1023563580
|z (OCoLC)1041638045
|
| 037 |
|
|
|a 11341
|b 00680054
|
| 037 |
|
|
|a 22573/ctv1dqwg7
|b JSTOR
|
| 037 |
|
|
|a 100569
|b Knowledge Unlatched
|
| 043 |
|
|
|a n-us---
|
| 050 |
|
4 |
|a JZ1318
|b .S45 2017
|
| 072 |
|
7 |
|a POL010000
|2 bisacsh
|
| 072 |
|
7 |
|a POL011000
|2 bisacsh
|
| 072 |
|
7 |
|a SOC000000
|2 bisacsh
|
| 072 |
|
7 |
|a SOC026000
|2 bisacsh
|
| 072 |
|
7 |
|a POL
|x 033000
|2 bisacsh
|
| 072 |
|
7 |
|a JFFS
|2 bicssc
|
| 082 |
0 |
4 |
|a 306.2
|2 23
|
| 049 |
|
|
|a TXAM
|
| 100 |
1 |
|
|a Selchow, Sabine,
|e author.
|
| 245 |
1 |
0 |
|a Negotiations of the "new world" :
|b the omnipresence of "global" as a political phenomenon /
|c Sabine Selchow.
|
| 264 |
|
1 |
|a Bielefeld :
|b Transcript,
|c [2017]
|
| 300 |
|
|
|a 1 online resource (231 pages) :
|b illustrations
|
| 336 |
|
|
|a text
|b txt
|2 rdacontent
|
| 337 |
|
|
|a computer
|b c
|2 rdamedia
|
| 338 |
|
|
|a online resource
|b cr
|2 rdacarrier
|
| 347 |
|
|
|a text file
|
| 347 |
|
|
|b PDF
|
| 490 |
1 |
|
|a Global studies (Bielefeld, Germany)
|
| 500 |
|
|
|a Revised thesis (doctoral) - London School of Economics and Political Science.
|
| 504 |
|
|
|a Includes bibliographical references (pages 201-231).
|
| 505 |
0 |
|
|a 1 Introduction: 'It's Difficult' -- 2 The Contemporary Adjective Global I: Popular & Free, and Disputedly Undisputed -- 3 The Contemporary Adjective Global II: Enmeshed with the 'Globalisation'-Discourse -- 4 The 'Globalisation'-Discourse and the 'New World' -- 5 The Proclamation of the 'New World' -- 6 The Omnipresence of Global as a Political Phenomenon and 'Unconventional' Object of Study -- 7 For Example: The Web of Meanings 'New World' in US President Obama's Public Papers 2013 -- 8 Conclusion.
|
| 520 |
|
|
|a 'Global' is everywhere - recent years have seen a significant proliferation of the adjective 'global' across discourses. But what do social actors actually do when using this term? Written from within the political studies and international relations disciplines, and with a particular interest in the US, this book demonstrates that the widespread use of 'global' is more than a linguistic curiosity. It constitutes a distinct political phenomenon of major importance: the negotiation of and play with the notion of the 'new world'. As such, the analysis of the use of 'global' provides fascinating insights into an influential and politically loaded aspect of contemporary imaginations of the world.
|
| 588 |
0 |
|
|a Print resource; title from PDF title page (viewed May 8, 2017).
|
| 546 |
|
|
|a In English.
|
| 542 |
1 |
|
|f This work is licensed under a Creative Commons license
|u https://creativecommons.org/licenses/by-nd/4.0/legalcode
|
| 542 |
1 |
|
|f This work is licensed by Knowledge Unlatched under a Creative Commons license
|u https://creativecommons.org/licenses/by-nc-nd/4.0/legalcode
|
| 542 |
1 |
|
|f This work is licensed by Knowledge Unlatched under a Creative Commons license
|u https://creativecommons.org/licenses/by-nd/4.0/legalcode
|
| 650 |
|
0 |
|a Globalization.
|
| 650 |
|
0 |
|a Globalization
|x Social aspects.
|
| 650 |
|
0 |
|a Globalization
|z United States
|x History.
|
| 650 |
|
6 |
|a Mondialisation.
|
| 650 |
|
6 |
|a Mondialisation
|x Aspect social.
|
| 650 |
|
6 |
|a Mondialisation
|z États-Unis
|x Histoire.
|
| 650 |
|
7 |
|a globalism.
|2 aat
|
| 650 |
|
7 |
|a Society and social sciences Society and social sciences.
|2 bicssc
|
| 650 |
|
7 |
|a Society and culture: general.
|2 bicssc
|
| 650 |
|
7 |
|a Social issues and processes.
|2 bicssc
|
| 650 |
|
7 |
|a Globalization.
|2 bicssc
|
| 650 |
|
7 |
|a POLITICAL SCIENCE
|x Globalization.
|2 bisacsh
|
| 650 |
|
7 |
|a Globalization.
|2 fast
|0 (OCoLC)fst00943532
|
| 650 |
|
7 |
|a Globalization
|x Social aspects.
|2 fast
|0 (OCoLC)fst00943547
|
| 651 |
|
7 |
|a United States.
|2 fast
|0 (OCoLC)fst01204155
|
| 651 |
|
7 |
|a USA
|2 gnd
|
| 650 |
|
7 |
|a Globalisierung
|2 gnd
|
| 650 |
|
7 |
|a Diskurs
|2 gnd
|
| 650 |
|
7 |
|a Politische Kommunikation
|2 gnd
|
| 655 |
|
7 |
|a Electronic books.
|2 local
|
| 655 |
|
7 |
|a History.
|2 fast
|0 (OCoLC)fst01411628
|
| 710 |
2 |
|
|a JSTOR (Organization)
|
| 776 |
0 |
8 |
|i Print version:
|a Selchow, Sabine.
|t Negotiations of the "new world".
|d Bielefeld : Transcript, [2017]
|z 9783837628968
|w (OCoLC)965794824
|
| 830 |
|
0 |
|a Global studies (Bielefeld, Germany)
|
| 856 |
4 |
0 |
|u https://www.jstor.org/stable/10.2307/j.ctv1fxgzg
|z Connect to the full text of this electronic book
|t 0
|
| 955 |
|
|
|a JSTOR Open Access ebooks
|
| 994 |
|
|
|a 92
|b TXA
|
| 999 |
f |
f |
|s 4580bf35-ee10-442a-8ff1-1f70b4394512
|i 066e577c-5866-489a-9950-2af88962f7c2
|t 0
|
| 952 |
f |
f |
|a Texas A&M University
|b College Station
|c Electronic Resources
|d Available Online
|t 0
|e JZ1318 .S45 2017
|h Library of Congress classification
|
| 998 |
f |
f |
|a JZ1318 .S45 2017
|t 0
|l Available Online
|